Similar Flags #2 - Statistics

General Stats
  • This quiz has been taken 37 times
  • The average score is 14 of 16
Answer Stats
Picture Answer % Correct
United Arab Emirates
97%
Iceland
94%
Qatar
94%
Sweden
94%
Colombia
91%
Finland
91%
Norway
91%
Bahrain
88%
Chad
88%
Ecuador
88%
Kuwait
88%
Romania
88%
Jordan
84%
Mali
75%
Senegal
75%
Palestine
72%
No matching quizzes found
Score Distribution
Percent of People with Each Score
Percentile by Number Answered
Your Score History
You have not taken this quiz